000 00866cam a22002414a 4500
001 11921971
005 20180313045849.0
008 000225s2001 njua b 001 0 eng
010 _a 00027286
020 _a0805828842 (pbk. : alk. paper)
040 _aDLC
_cDLC
_dDLC
041 _aeng
042 _apcc
080 _a305.231 kri
082 0 0 _a305.231 kri
_221
100 1 _a49
101 _apsi
245 1 0 _aEarly childhood development and its variations /
504 _aIncludes bibliographical references and index.
906 _a7
_bcbc
_corignew
_d1
_eocip
_f20
_gy-gencatlg
942 _2ddc
_cBK
999 _c44827
_d44827